| 000 | 00423nam a2200169Ia 4500 | ||
|---|---|---|---|
| 003 | GCL | ||
| 008 | 140319s9999 xx 000 0 eng d | ||
| 040 |
_aGCL / _cGCL |
||
| 082 | 0 | 4 |
_a793.33 _bG S |
| 100 | 1 | _aGWYNNE, MICHAEL | |
| 245 | 1 | 0 |
_aSEQUENCE DANCING / _cGWYNNE, MICHAEL |
| 260 |
_a[S.N] : _bA AND C BLACK LIMITED ، _c1971 |
||
| 300 | _a232 P | ||
| 650 | 0 | 4 | _aARTS |
| 650 | 0 | 4 | _aBALLROOM DANCING |
| 942 |
_2ddc _cBK |
||
| 999 |
_c15700 _d15700 |
||